|
|
|
|
| LEADER |
02762nam a2200709 i 4500 |
| 001 |
nkc20183044616 |
| 003 |
CZ PrNK |
| 005 |
20201201142222.0 |
| 007 |
ta |
| 008 |
190107s2018 xr ac e 000 0acze |
| 015 |
|
|
|a cnb003044616
|
| 020 |
|
|
|a 978-80-242-6235-2
|q (vázáno) :
|c Kč 399,00
|
| 035 |
|
|
|a (OCoLC)1085394425
|
| 040 |
|
|
|a ABA001
|b cze
|e rda
|
| 043 |
|
|
|a a-iq---
|a a-sy---
|
| 045 |
|
|
|a y1y1
|
| 072 |
|
7 |
|a 913(5)
|x Geografie Asie, reálie, cestování
|2 Konspekt
|9 7
|
| 080 |
|
|
|a 94(567)"2003/2011"
|2 MRF
|
| 080 |
|
|
|a 94(569.1)"2011/..."
|2 MRF
|
| 080 |
|
|
|a 355:316.3
|2 MRF
|
| 080 |
|
|
|a 316.728
|2 MRF
|
| 080 |
|
|
|a (567)
|2 MRF
|
| 080 |
|
|
|a (569.1)
|2 MRF
|
| 080 |
|
|
|a (0:82-4)
|2 MRF
|
| 080 |
|
|
|a (084.12)
|2 MRF
|
| 100 |
1 |
|
|a Klicperová, Lenka,
|d 1976-
|7 xx0101443
|4 aut
|4 pht
|
| 245 |
1 |
0 |
|a Ve válce :
|b příběhy obyčejných lidí z Iráku a Sýrie /
|c Lenka Klicperová, Markéta Kutilová
|
| 250 |
|
|
|a Vydání první
|
| 264 |
|
1 |
|a Praha :
|b Knižní klub,
|c 2018
|
| 300 |
|
|
|a 297 stran :
|b barevné ilustrace, portréty ;
|c 25 cm
|
| 336 |
|
|
|a text
|b txt
|2 rdacontent
|
| 336 |
|
|
|a statický obraz
|b sti
|2 rdacontent
|
| 337 |
|
|
|a bez média
|b n
|2 rdamedia
|
| 338 |
|
|
|a svazek
|b nc
|2 rdacarrier
|
| 490 |
1 |
|
|a Universum
|
| 648 |
|
7 |
|a 2014
|7 ch967317
|2 czenas
|
| 648 |
|
7 |
|a 21. století
|7 ch460559
|2 czenas
|
| 650 |
0 |
7 |
|a irácká válka (2003-2011)
|7 ph200819
|2 czenas
|
| 650 |
0 |
7 |
|a občanská válka v Sýrii (2011-)
|7 ph877036
|2 czenas
|
| 650 |
0 |
7 |
|a válka a společnost
|7 ph268224
|z Irák
|y 21. století
|2 czenas
|
| 650 |
0 |
7 |
|a válka a společnost
|7 ph268224
|z Sýrie
|y 21. století
|2 czenas
|
| 650 |
0 |
7 |
|a každodenní život
|7 ph121555
|z Irák
|y 21. století
|2 czenas
|
| 650 |
0 |
7 |
|a každodenní život
|7 ph121555
|z Sýrie
|y 21. století
|2 czenas
|
| 650 |
0 |
9 |
|a Iraq War (2003-2011)
|2 eczenas
|
| 650 |
0 |
9 |
|a Syrian Civil War (2011-)
|2 eczenas
|
| 650 |
0 |
9 |
|a war and society
|z Iraq
|y 21st century
|2 eczenas
|
| 650 |
0 |
9 |
|a war and society
|z Syria
|y 21st century
|2 eczenas
|
| 650 |
0 |
9 |
|a everyday life
|z Iraq
|y 21st century
|2 eczenas
|
| 650 |
0 |
9 |
|a everyday life
|z Syria
|y 21st century
|2 eczenas
|
| 655 |
|
7 |
|a reportáže
|7 fd133252
|2 czenas
|
| 655 |
|
7 |
|a fotografické publikace
|7 fd132276
|2 czenas
|
| 655 |
|
9 |
|a reportage
|2 eczenas
|
| 655 |
|
9 |
|a photographical works
|2 eczenas
|
| 700 |
1 |
|
|a Kutilová, Markéta,
|d 1978-
|7 xx0101442
|4 aut
|
| 830 |
|
0 |
|a Universum (Knižní klub)
|0 s
|
| 910 |
2 |
|
|a BOA001
|b 2-1417.811
|
| 928 |
9 |
|
|a Euromedia Group - Knižní klub
|
| 990 |
|
|
|a BK
|
| 995 |
|
|
|a 01
|
| 991 |
|
|
|b 201901
|c NOV
|
| 996 |
6 |
|
|b 2610767101
|c 2-1417.811
|l MZK
|r Sklad / do 1 hodiny
|n 5
|p p.v.
|w 001701985
|u 000010
|a 1
|e BOA001
|j MZK50
|s P
|
| 996 |
7 |
|
|b 2610847759
|c 2-1417.811
|l Vol.výběr
|r VV 1p
|n 8
|p kup
|h 913(5) KLI
|w 001701985
|u 000020
|a 0
|e BOA001
|j MZK50
|s A
|